唯一の母音パターンをもつ自治体 - Statistics

General Stats
  • This quiz has been taken 210 times
  • The average score is 92 of 381
Answer Stats
母音パターン 都道府県 自治体名 % Correct
AAIAAO 大阪府 河内長野市
55%
AAOOOIAA 奈良県 大和郡山市
55%
U 三重県 津市
55%
AAAAA 愛媛県 八幡浜市
53%
ANOUOOA 山口県 山陽小野田市
51%
IAIAUUU 山梨県 南アルプス市
51%
AIUAAAU 福島県 会津若松市
49%
AIOI 兵庫県 相生市
48%
AAAAI 兵庫県 尼崎市
47%
AUAENAI 鹿児島県 薩摩川内市
47%
IAIUUUU 鹿児島県 南九州市
47%
AAIAAA 岐阜県 各務原市
46%
IIIUIIO 鹿児島県 いちき串木野市
46%
ANAAAAA 兵庫県 丹波篠山市
45%
IAIIOIA 広島県 東広島市
45%
IAIUAAA 東京都 東村山市
45%
IUENAAA 宮城県 陸前高田市
45%
AAIIAO 鳥取県 境港市
44%
AAOAAA 奈良県 大和高田市
44%
AUAAUAA 栃木県 那須烏山市
44%
AUIOAA 栃木県 那須塩原市
44%
IAUUUU 福岡県 北九州市
44%
OOAAAAA 大阪府 大阪狭山市
44%
IAIOOAA 大阪府 東大阪市
43%
IAIOUOU 千葉県 南房総市
43%
IAIUOUA 新潟県 南魚沼市
43%
IAIUUE 東京都 東久留米市
43%
OOAIIAAO 千葉県 大網白里市
43%
UAIUAAA 東京都 武蔵村山市
43%
UIAAUIO 山梨県 富士河口湖町
43%
AIUANE 福島県 会津坂下町
41%
ANONI 香川県 観音寺市
41%
EI 岐阜県 関市
41%
IAIAAA 香川県 東かがわ市
41%
IAOOOU 宮崎県 都城市
41%
UNOAAA 大分県 豊後高田市
41%
IAIAIAA 神奈川県 南足柄市
40%
IOUUUOU 愛媛県 四国中央市
40%
OUANO 京都府 京丹後市
40%
UNOOOO 大分県 豊後大野市
40%
UUAIAI 茨城県 つくばみらい市
40%
AAUAA 岐阜県 中津川市
39%
AIUIAO 福島県 会津美里町
39%
AUIAUA 茨城県 かすみがうら市
39%
ENUUI 香川県 善通寺市
39%
INONEN 兵庫県 新温泉町
39%
OAEAI 静岡県 御前崎市
39%
AAEON 静岡県 川根本町
38%
IAIAIOU 沖縄県 南大東村
38%
IAIAUIA 宮城県 東松島市
38%
IAIOOIA 茨城県 常陸大宮市
38%
IN 沖縄県 金武町
38%
OUIAIAN 滋賀県 近江八幡市
38%
IAIEIEN 福井県 南越前町
37%
IAIOOA 茨城県 常陸太田市
37%
IAIOOUI 鹿児島県 南大隅町
37%
IUOUI 静岡県 伊豆の国市
37%
UIONOU 秋田県 由利本荘市
37%
AAIE 香川県 坂出市
36%
AIANAI 岩手県 八幡平市
36%
EENUA 宮城県 気仙沼市
36%
IAAAAAA 大阪府 千早赤阪村
36%
IAIAIU 福島県 南会津町
36%
IAIAUAA 埼玉県 東松山市
36%
IAIIA 愛知県 南知多町
36%
OOIEUU 北海道 音威子府村
36%
AAAAO 山梨県 山中湖村
35%
INEIOUEN 広島県 神石高原町
35%
OAAONEN 長野県 野沢温泉村
35%
ONAAAI 大阪府 富田林市
35%
OUANA 京都府 京丹波町
35%
AAOAOU 京都府 長岡京市
34%
IAAIA 秋田県 北秋田市
34%
IAAIOU 沖縄県 北大東村
34%
IAIAAO 東京都 東大和市
34%
OAOAI 北海道 苫小牧市
34%
IAIANIU 宮城県 南三陸町
33%
IIOUOU 東京都 西東京市
33%
INIAA 北海道 新ひだか町
33%
INOUAA 北海道 新十津川町
33%
IOOEI 山口県 下関市
33%
IUIAO 大阪府 泉佐野市
33%
IUIOOU 大阪府 泉大津市
33%
OIAE 青森県 おいらせ町
33%
OIUUU 沖縄県 豊見城市
33%
OUAAE 京都府 京田辺市
33%
UEOAA 山梨県 上野原市
33%
UNEUU 北海道 訓子府町
33%
AOAIA 東京都 青ヶ島村
32%
ENAU 北海道 遠軽町
32%
IAIAO 熊本県 南阿蘇村
32%
IIAAIAO 山梨県 市川三郷町
32%
IOIAA 新潟県 糸魚川市
32%
OAIAAI 愛知県 尾張旭市
32%
OUUNI 東京都 国分寺市
32%
AAAO 兵庫県 高砂市
31%
AAUUU 沖縄県 中城村
31%
AIAUUA 和歌山県 那智勝浦町
31%
EIEII 福井県 永平寺町
31%
ENAN 大阪府 泉南市
31%
ENI 奈良県 天理市
31%
IAAOA 愛知県 北名古屋市
31%
IAIAAIO 京都府 南山城村
31%
IAIOUA 福島県 南相馬市
31%
IAIUAO 北海道 南富良野町
31%
INAI 千葉県 印西市
31%
INAIOOU 長崎県 新上五島町
31%
OENA 静岡県 御殿場市
31%
AAIAUA 新潟県 粟島浦村
30%
ANAA 群馬県 安中市
30%
IAIAAUA 群馬県 東吾妻町
30%
IAIIIU 埼玉県 東秩父村
30%
OAANE 北海道 長万部町
30%
OIOIA 島根県 隠岐の島町
30%
OUAUIIU 石川県 宝達志水町
30%
UAOUEN 愛媛県 久万高原町
30%
UNAN 島根県 雲南市
30%
AAIEU 北海道 中標津町
29%
AAUAO 北海道 中富良野町
29%
AIAAUA 熊本県 上天草市
29%
AIIAAA 奈良県 上北山村
29%
AIOE 青森県 八戸市
29%
AIUAO 北海道 上富良野町
29%
IAIAE 鹿児島県 南種子町
29%
IAIOIO 奈良県 東吉野村
29%
IIOEI 岩手県 一関市
29%
IIOOOE 鹿児島県 西之表市
29%
IOUAAE 大阪府 四條畷市
29%
OOAAAI 京都府 大山崎町
29%
UOAN 北海道 室蘭市
29%
UOUOOIA 山口県 周防大島町
29%
AIOOA 広島県 安芸太田町
28%
IAAAE 青森県 田舎館村
28%
IAAAUUU 沖縄県 北中城村
28%
IAIE 山形県 東根市
28%
INIO 愛知県 新城市
28%
OAIIU 高知県 土佐清水市
28%
OEN 新潟県 五泉市
28%
OOAIAIIA 広島県 大崎上島町
28%
OOUAO 岩手県 大船渡市
28%
AEIAA 富山県 滑川市
27%
AUAII 広島県 廿日市市
27%
EIAAA 岐阜県 関ケ原町
27%
EUN 北海道 礼文町
27%
IAAII 長野県 北相木村
27%
IAIAII 長野県 南相木村
27%
IIAIU 福島県 西会津町
27%
IOEAA 福島県 檜枝岐村
27%
OU 佐賀県 鳥栖市
27%
OUUIA 東京都 神津島村
27%
AAAUAI 北海道 中札内村
26%
AAOOI 愛知県 蒲郡市
26%
AIIN 沖縄県 今帰仁村
26%
AIOEI 山口県 上関町
26%
AIOUAA 秋田県 八郎潟町
26%
ANOE 青森県 三戸町
26%
AOOI 青森県 青森市
26%
EIAN 愛知県 碧南市
26%
ENEI 福島県 天栄村
26%
EOAA 東京都 江戸川区
26%
IAIIE 三重県 南伊勢町
26%
IAIIOA 長野県 南箕輪村
26%
IIOAI 宮城県 石巻市
26%
IIOOUE 北海道 西興部村
26%
IIUUOU 岡山県 吉備中央町
26%
INIOU 北海道 新篠津村
26%
OOIAIAI 千葉県 横芝光町
26%
UAIA 愛媛県 宇和島市
26%
UUOIA 栃木県 宇都宮市
26%
AAAOO 奈良県 田原本町
24%
AAOU 宮城県 多賀城市
24%
AIUI 徳島県 藍住町
24%
IIIU 静岡県 西伊豆町
24%
IOIAAA 奈良県 下北山村
24%
IUAUU 北海道 占冠村
24%
OEAUA 千葉県 袖ケ浦市
24%
OIOAA 徳島県 吉野川市
24%
UIIEA 大阪府 藤井寺市
24%
UNEN 長崎県 雲仙市
24%
UUUUI 千葉県 九十九里町
24%
AAOOU 群馬県 中之条町
23%
AIUO 東京都 あきる野市
23%
AUAN 石川県 白山市
23%
IAIUIA 鹿児島県 東串良町
23%
IUAIA 東京都 御蔵島村
23%
OEOA 宮崎県 延岡市
23%
OIAN 沖縄県 読谷村
23%
OOAN 島根県 邑南町
23%
OOOOU 福岡県 大野城市
23%
OUAII 三重県 四日市市
23%
UAIO 東京都 武蔵野市
23%
UAOE 沖縄県 浦添市
23%
AAOAA 群馬県 長野原町
22%
AIIOO 北海道 上士幌町
22%
AIOAI 秋田県 上小阿仁村
22%
AIUA 大阪府 貝塚市
22%
IAIAUE 秋田県 東成瀬村
22%
IAN 岐阜県 岐南町
22%
OAEI 東京都 小金井市
22%
OANEU 北海道 初山別村
22%
OOIEU 北海道 登別市
22%
UIAAA 京都府 宇治田原町
22%
AAEU 北海道 更別村
21%
AAIUI 静岡県 長泉町
21%
AIIO 大阪府 羽曳野市
21%
AOEAI 北海道 神恵内村
21%
EEU 北海道 江別市
21%
IAIA 徳島県 北島町
21%
IAIAI 長野県 南牧村
21%
IEAA 神奈川県 伊勢原市
21%
IIAAUA 岡山県 西粟倉村
21%
IIAE 福島県 飯舘村
21%
IONAU 福島県 二本松市
21%
OIOAI 佐賀県 吉野ヶ里町
21%
OOIAA 福島県 郡山市
21%
UOUA 新潟県 魚沼市
21%
AAOAI 青森県 中泊町
20%
AAUU 神奈川県 真鶴町
20%
AIEI 神奈川県 開成町
20%
AIONA 和歌山県 上富田町
20%
AUAAA 茨城県 桜川市
20%
ENEU 北海道 遠別町
20%
IUOA 静岡県 静岡市
20%
OAII 沖縄県 渡嘉敷村
20%
OOIIA 山形県 大石田町
20%
OUAIOU 千葉県 四街道市
20%
OUON 愛媛県 東温市
20%
UAIAI 北海道 歌志内市
20%
UUIAA 京都府 福知山市
20%
AOAN 北海道 積丹町
19%
ENAA 奈良県 天川村
19%
ENUI 北海道 剣淵町
19%
IEAI 群馬県 伊勢崎市
19%
IIIUI 北海道 利尻富士町
19%
INI 福島県 新地町
19%
INOI 宮崎県 新富町
19%
IUUI 鹿児島県 指宿市
19%
OAIA 東京都 小平市
19%
ONUU 千葉県 御宿町
19%
OUIN 三重県 東員町
19%
UEA 長野県 上田市
19%
UIU 茨城県 牛久市
19%
UUAIA 埼玉県 鶴ヶ島市
19%
UUEN 富山県 入善町
19%
AEOA 京都府 亀岡市
18%
AIOOI 兵庫県 上郡町
18%
AIOUE 北海道 滝上町
18%
AIUAAA 北海道 上砂川町
18%
AIUU 京都府 舞鶴市
18%
AUUU 北海道 猿払村
18%
EIEI 高知県 芸西村
18%
IAAAA 和歌山県 日高川町
18%
IAAAI 青森県 板柳町
18%
IAAIO 福島県 猪苗代町
18%
IAAU 千葉県 木更津市
18%
IAIOAA 福島県 北塩原村
18%
IAIUA 愛知県 東浦町
18%
IEO 北海道 ニセコ町
18%
IIAAA 宮城県 七ヶ浜町
18%
IIAUA 山梨県 西桂町
18%
IIE 山形県 飯豊町
18%
ONOU 埼玉県 本庄市
18%
OUIUO 島根県 奥出雲町
18%
OUOE 青森県 六戸町
18%
OUOI 鳥取県 鳥取市
18%
UEIO 佐賀県 嬉野市
18%
UEO 群馬県 上野村
18%
AAIAI 宮崎県 川南町
17%
AAIII 福島県 鏡石町
17%
AAUE 愛知県 長久手市
17%
AIIE 佐賀県 上峰町
17%
AIII 富山県 上市町
17%
AUOAA 山形県 真室川町
17%
EAIA 広島県 江田島市
17%
ENUU 長野県 天龍村
17%
EUI 奈良県 平群町
17%
IOOAA 高知県 仁淀川町
17%
OAUIA 徳島県 小松島市
17%
OOIO 神奈川県 大磯町
17%
UOI 北海道 留萌市
17%
AEAI 群馬県 前橋市
16%
AEE 沖縄県 八重瀬町
16%
AEOI 沖縄県 竹富町
16%
AIAU 徳島県 上勝町
16%
AOAE 北海道 函館市
16%
AUIAA 長野県 軽井沢町
16%
IAEU 青森県 今別町
16%
IAIIOI 香川県 東みよし町
16%
IUOAI 新潟県 出雲崎町
16%
OOIUI 群馬県 大泉町
16%
UAII 岡山県 倉敷市
16%
UAN 新潟県 津南町
16%
UEIA 沖縄県 久米島町
16%
UEU 北海道 津別町
16%
UIIO 埼玉県 ふじみ野市
16%
UNOU 東京都 文京区
16%
UUO 高知県 宿毛市
16%
IUUEU 北海道 秩父別町
15%
OOOAA 埼玉県 所沢市
15%
UOAUAI 北海道 黒松内町
15%
IAUI 山口県 岩国市
14%
IOEU 北海道 喜茂別町
14%
IUIN 愛知県 日進市
14%
OAUI 沖縄県 与那国町
14%
OIAO 千葉県 富里市
14%
OON 鹿児島県 与論町
14%
OUIA 徳島県 徳島市
14%
UIUA 茨城県 土浦市
14%
UUAAI 茨城県 龍ケ崎市
14%
AEOO 愛知県 武豊町
13%
AIAO 埼玉県 上里町
13%
AIOO 和歌山県 橋本市
13%
AOE 神奈川県 箱根町
13%
AUEI 北海道 厚岸町
13%
IEIA 大分県 姫島村
13%
IIAAIA 長野県 木島平村
13%
IIOA 茨城県 石岡市
13%
IUIAI 福島県 泉崎村
13%
IUUII 岩手県 雫石町
13%
OUOOU 千葉県 東庄町
13%
UEUI 山梨県 笛吹市
13%
UOII 青森県 黒石市
13%
UUE 福岡県 久留米市
13%
UUOI 静岡県 袋井市
13%
AOUI 岐阜県 輪之内町
12%
EAA 北海道 せたな町
12%
IOUE 栃木県 下野市
12%
OEUI 北海道 妹背牛町
12%
OIE 茨城県 取手市
12%
OIIO 北海道 帯広市
12%
ANOO 北海道 南幌町
11%
AUIE 徳島県 松茂町
11%
EUAI 北海道 別海町
11%
IAAE 北海道 今金町
11%
IOAE 宮崎県 日之影町
11%
IOUI 鹿児島県 肝付町
11%
IUEI 茨城県 筑西市
11%
IUEU 北海道 陸別町
11%
IUIO 福岡県 筑紫野市
11%
OAAU 沖縄県 与那原町
11%
OIU 長崎県 時津町
11%
UEAN 岡山県 久米南町
11%
UIEA 静岡県 藤枝市
11%
ANOI 北海道 蘭越町
10%
AUAO 福島県 葛尾村
10%
AUEU 北海道 幕別町
10%
IAII 茨城県 稲敷市
10%
IUEN 福岡県 筑前町
10%
OEO 北海道 置戸町
10%
OOAU 愛知県 大治町
10%
OUAE 千葉県 東金市
10%
UAUA 青森県 深浦町
10%
UIOA 群馬県 藤岡市
10%
UIOO 和歌山県 串本町
10%
UOAA 和歌山県 九度山町
10%
UOIO 高知県 黒潮町
10%
AOOU 岡山県 里庄町
9%
AUOI 宮城県 丸森町
9%
IAOA 埼玉県 白岡市
9%
IOOI 熊本県 人吉市
9%
OIUI 大阪府 守口市
9%
UAUU 北海道 浦臼町
9%
AEIA 長野県 立科町
7%
IIUI 北海道 知内町
7%
OIIA 愛知県 飛島村
7%
UOAE 熊本県 湯前町
7%
UUOO 福島県 古殿町
7%
AOAI 鹿児島県 和泊町
6%
IAIO 埼玉県 宮代町
6%
OIIU 北海道 小清水町
6%
AUOA 長野県 泰阜村
5%
AUUI 埼玉県 松伏町
5%
OUII 北海道 奥尻町
5%
UIAO 秋田県 藤里町
5%
UOAI 奈良県 黒滝村
5%
UUUI 鹿児島県 湧水町
5%
AUIU 鹿児島県 垂水市
4%
OEA 福岡県 添田町
4%
OIOI 福岡県 吉富町
4%
UIOI 宮崎県 国富町
3%
UUEU 北海道 湧別町
3%
No matching quizzes found
Score Distribution
Percent of People with Each Score
Percentile by Number Answered
Your Score History
You have not taken this quiz